Soudan, pays des Nouba /
محفوظ في:
المؤلف الرئيسي:
مؤلفون آخرون:
التنسيق: كتاب
اللغة: French
منشور في:
Lausanne : Paris :
Edita ; distribué en France par Vilo,
1980.
الموضوعات:
الوسوم: إضافة وسم
لا توجد وسوم, كن أول من يضع وسما على هذه التسجيلة!
رقم الطلب: DT155.2 .N82 D82 1980
| LEADER | 00760namaa2200253 4500 | ||
|---|---|---|---|
| 001 | 24621 | ||
| 003 | OSt | ||
| 005 | 20250805124956.0 | ||
| 008 | 130303s1980 sz a 000 0 fre d | ||
| 010 | |a 81100157 | ||
| 020 | |a 2880010888 | ||
| 040 | 4 | |c ARCE Library | |
| 043 | |a f-sj--- | ||
| 050 | 4 | |a DT155.2 .N82 D82 1980 | |
| 100 | 1 | |a Dubois, Eliane. |e author | |
| 245 | 1 | 0 | |a Soudan, pays des Nouba / |c Eliane et Pierre Dubois. |
| 264 | 1 | |a Lausanne : |b Edita ; |a Paris : |b distribué en France par Vilo, |c 1980. | |
| 300 | |a 114 pages : |b chiefly color illustrations ; |c 30 cm. | ||
| 650 | 0 | |a Nuba (African people) |9 8142 | |
| 651 | 0 | |a Sudan |x Social life and customs. | |
| 700 | 1 | |a Dubois, Pierre, |d 1949- | |
| 901 | |a reviewed | ||
| 942 | |c BK |2 lcc | ||
| 999 | |c 22992 |d 22992 | ||
